[Event "...Comedy Chess"]
[Site "SchemingMind.com"]
[Date "2009.07.30"]
[Round "-"]
[White "Kaamelott"]
[Black "aadaam"]
[Result "0-1"]
[WhiteCountry "CAN"]
[BlackCountry "INT"]
[WhiteElo "1260"]
[WhiteRD "179"]
[BlackElo "1777"]
[BlackRD "50"]
[GameID "214230"]

1. e4 e6 2. d4 d5 3. exd5 exd5 4. Bd3 c5 5. Qe2+ Be6 6. Bb5+ Nc6 7. Be3 Qb6 8. Nf3 a6 9. Bxc6+ bxc6 10. c3 Nf6
11. dxc5 Bxc5 12. Bxc5 Qxc5 13. Nd4 O-O 14. Nxe6 fxe6 15. Nd2 e5 16. O-O e4 17. Nb3 Qb6 18. Rfd1 Rab8
0-1

[Event "...Comedy Chess"]
[Site "SchemingMind.com"]
[Date "2009.07.30"]
[Round "-"]
[White "aadaam"]
[Black "Kaamelott"]
[Result "1-0"]
[WhiteCountry "INT"]
[BlackCountry "CAN"]
[WhiteElo "1777"]
[WhiteRD "50"]
[BlackElo "1260"]
[BlackRD "179"]
[GameID "214231"]

1. d4 d5 2. c4 c6 3. Nf3 Nf6 4. Nc3 dxc4 5. a4 Bf5 6. e3 e6 7. Bxc4 Bb4 8. O-O Nbd7 9. Qe2 O-O 10. Nd2 e5
11. Nb3 exd4 12. Nxd4 Bg6 13. Bd2 Ne5 14. Bb3 Bd3 15. Qd1 Bxf1 16. Kxf1 Bd6 17. f4 Ng6 18. Rc1
1-0

[Event "...Comedy Chess"]
[Site "SchemingMind.com"]
[Date "2009.07.30"]
[Round "-"]
[White "robertoi72"]
[Black "aadaam"]
[Result "1-0"]
[WhiteCountry "ITA"]
[BlackCountry "INT"]
[WhiteElo "1885"]
[WhiteRD "183"]
[BlackElo "1777"]
[BlackRD "50"]
[GameID "214238"]

1. d4 d5 2. c4 c6 3. Nf3 Nf6 4. Nc3 dxc4 5. a4 Bf5 6. Ne5 Nbd7 7. Nxc4 Qc7 8. g3 e5 9. dxe5 Nxe5 10. Bf4 Nfd7
11. Bg2 O-O-O 12. O-O f6 13. Qc1 g5 14. Bxe5 Nxe5 15. Ne3 Bg6 16. Ne4 Be7 17. Qc3 f5 18. Nc5 Bxc5 19. Qxc5 Qb6 20. Qxe5 Rhe8
21. Qc3 f4 22. Nd5 Qa6 23. Nb4 Qb6 24. Bh3+ Kb8 25. Rad1 Rxd1 26. Rxd1 Rxe2 27. Nd3 Bxd3 28. Qh8+ Kc7 29. Qc8+ Kd6 30. Qd7+ Kc5
31. Rc1+ Kb4 32. Qd6+
1-0

[Event "...Comedy Chess"]
[Site "SchemingMind.com"]
[Date "2009.07.30"]
[Round "-"]
[White "robertoi72"]
[Black "Kaamelott"]
[Result "1-0"]
[WhiteCountry "ITA"]
[BlackCountry "CAN"]
[WhiteElo "1885"]
[WhiteRD "183"]
[BlackElo "1260"]
[BlackRD "179"]
[GameID "214239"]

1. d4 Nf6 2. c4 c5 3. d5 b5 4. cxb5 a6 5. e3 g6 6. Nc3 Bg7 7. a4 O-O 8. Nf3 d6 9. Ra3 Nbd7 10. e4 Bb7
11. Be2 axb5 12. Bxb5
1-0

[Event "...Comedy Chess"]
[Site "SchemingMind.com"]
[Date "2009.07.30"]
[Round "-"]
[White "aadaam"]
[Black "robertoi72"]
[Result "0-1"]
[WhiteCountry "INT"]
[BlackCountry "ITA"]
[WhiteElo "1777"]
[WhiteRD "50"]
[BlackElo "1885"]
[BlackRD "183"]
[GameID "214240"]

1. d4 Nf6 2. c4 e6 3. Nc3 Bb4 4. e3 O-O 5. Bd3 d5 6. Ne2 dxc4 7. Bxc4 e5 8. O-O Nc6 9. dxe5 Nxe5 10. Bb3 Bxc3
11. Nxc3 b6 12. Qc2 Bb7 13. Rd1 Qe7 14. Bd2 Rad8 15. Nb5 Be4 16. Qxc7 Rd7 17. Qc3 Nd3 18. f3 Bxf3 19. gxf3 Ne4 20. fxe4 Qg5+
21. Kf1 Qh4 22. Be1 Qh3+ 23. Kg1 Qxe3+ 24. Kh1 Qxe4+ 25. Kg1 Nf4 26. Qc2 Nh3+ 27. Kf1 Qh1+ 28. Ke2 Re8+
0-1

[Event "...Comedy Chess"]
[Site "SchemingMind.com"]
[Date "2009.07.30"]
[Round "-"]
[White "Kaamelott"]
[Black "robertoi72"]
[Result "0-1"]
[WhiteCountry "CAN"]
[BlackCountry "ITA"]
[WhiteElo "1260"]
[WhiteRD "179"]
[BlackElo "1885"]
[BlackRD "183"]
[GameID "214241"]

1. d4 Nf6 2. c4 e6 3. Nf3 b6 4. g3 Bb7 5. Bg2 Be7 6. Nc3 O-O 7. O-O Ne4 8. Qc2 Nxc3 9. Qxc3 c5 10. e3 d6
0-1

[Event "...Comedy Chess"]
[Site "SchemingMind.com"]
[Date "2009.07.31"]
[Round "-"]
[White "bobbyg"]
[Black "aadaam"]
[Result "0-1"]
[WhiteCountry "USA"]
[BlackCountry "INT"]
[WhiteElo "1339"]
[WhiteRD "124"]
[BlackElo "1811"]
[BlackRD "54"]
[GameID "214244"]

1. e4 e6 2. d4 d5 3. e5 c5 4. c3 Nc6 5. Bb5 Qb6 6. Ba4 Bd7 7. Nf3 Nh6 8. Qb3 Qxb3 9. Bxb3 Nf5 10. g4 Nfe7
11. Ba4 Nxe5 12. Bxd7+ Nxd7 13. O-O Nc6 14. Na3 cxd4 15. cxd4 Bxa3 16. bxa3 Rc8 17. Bd2 O-O 18. Rac1 Nf6 19. Bb4 Rfd8 20. Ne5 Nxb4
21. axb4 Ne4 22. a4 a6 23. b5 f6 24. bxa6 fxe5 25. Rfd1 bxa6 26. Kg2 Rxc1 27. Rxc1 exd4 28. Rc6 d3 29. Rc1 e5 30. Rd1 Nc5
31. Kg3 e4 32. Rf1 Nxa4 33. Ra1 Nb2 34. Rxa6 d2 35. Ra2 d1=Q 36. Rxb2 Qf3+ 37. Kh4 h6 38. Kh5 Qh3+ 39. Kg6 Qxg4#
0-1

[Event "...Comedy Chess"]
[Site "SchemingMind.com"]
[Date "2009.07.31"]
[Round "-"]
[White "bobbyg"]
[Black "robertoi72"]
[Result "0-1"]
[WhiteCountry "USA"]
[BlackCountry "ITA"]
[WhiteElo "1339"]
[WhiteRD "124"]
[BlackElo "1695"]
[BlackRD "139"]
[GameID "214245"]

1. e4 e6 2. d4 d5 3. e5 c5 4. c3 Nc6 5. Nf3 Qb6 6. Qb3 Qxb3 7. axb3 cxd4 8. Bb5 dxc3 9. bxc3 Bd7 10. Nd4 Nxe5
11. Bxd7+ Kxd7 12. O-O a6 13. Ra2 Rc8 14. Bg5 Nf6 15. f4 Nc6 16. Bh4 Bc5 17. Bf2 Ne4 18. b4 Nxc3 19. Nxc6 Nxa2 20. Ne5+ Ke7
21. bxc5 Nb4 22. Bh4+ f6 23. Rc1 Nc6 24. Re1 Nxe5 25. fxe5 Rxc5 26. Bf2 Rc2 27. Na3 Ra2 28. exf6+ gxf6 29. Bc5+ Kd7 30. Nb1 Rc8
31. Be3 Rcc2 32. Nd2 d4 33. Bh6 Rxd2 34. Bxd2 Rxd2
0-1

[Event "...Comedy Chess"]
[Site "SchemingMind.com"]
[Date "2009.07.30"]
[Round "-"]
[White "aadaam"]
[Black "bobbyg"]
[Result "1-0"]
[WhiteCountry "INT"]
[BlackCountry "USA"]
[WhiteElo "1811"]
[WhiteRD "54"]
[BlackElo "1339"]
[BlackRD "124"]
[GameID "214247"]

1. e4 e5 2. Nf3 Nc6 3. Bb5 Nf6 4. O-O Nd4 5. Nxd4 exd4 6. d3 g6 7. Re1 c6 8. Bc4 Be7 9. Bh6 d5 10. exd5 Ng8
11. Bg7 Kd7 12. dxc6+ Kc7 13. Bxh8 Nf6 14. Bxf6 Bxf6 15. Nd2 bxc6 16. Bxf7 Bd7 17. Ne4 Be5 18. c3 dxc3 19. bxc3 Bxc3 20. Nxc3 Qf6
21. Bc4 Qxc3 22. Qb3 Qf6 23. Rab1 Rb8 24. Qxb8#
1-0

[Event "...Comedy Chess"]
[Site "SchemingMind.com"]
[Date "2009.07.30"]
[Round "-"]
[White "robertoi72"]
[Black "bobbyg"]
[Result "0-1"]
[WhiteCountry "ITA"]
[BlackCountry "USA"]
[WhiteElo "1695"]
[WhiteRD "139"]
[BlackElo "1339"]
[BlackRD "124"]
[GameID "214248"]

1. d4 c5 2. d5 d6 3. c4 e6 4. Nc3 Nf6 5. e4 Bd7 6. f4 e5 7. fxe5 dxe5 8. Nf3 Bd6 9. Bg5 h6 10. Bh4 Qb6
11. Qd2 Qa5 12. Bg3 b5 13. Nxb5 Qxd2+ 14. Kxd2 Nxe4+ 15. Kc2 Bxb5 16. cxb5 f6 17. Bd3 Nxg3 18. hxg3 O-O 19. Nh4 Nd7 20. Nf5 Bb8
21. Nd6 Bxd6
0-1

[Event "...Comedy Chess"]
[Site "SchemingMind.com"]
[Date "2009.08.02"]
[Round "-"]
[White "dadshane2000"]
[Black "bobbyg"]
[Result "1-0"]
[WhiteCountry "USA"]
[BlackCountry "USA"]
[WhiteElo "1965"]
[WhiteRD "79"]
[BlackElo "1339"]
[BlackRD "124"]
[GameID "214508"]

1. e4 e5 2. Nf3 Nc6 3. Bc4 Bc5 4. c3 Nf6 5. d4 exd4 6. cxd4 Bb6 7. d5 Na5 8. Bd3 Ng4 9. O-O Nxf2 10. Rxf2 Bxf2+
11. Kxf2 O-O 12. b4 Qf6 13. bxa5 Qxa1 14. Qb3 Qf6 15. e5 Qe7 16. Be3 d6 17. exd6 Qxd6 18. Nc3 c6 19. Bc4 Bg4 20. Ne4 b5
21. Nxd6 bxc4 22. Qxc4 cxd5 23. Qxg4 Rab8 24. Bd4 Rb4 25. Qxg7#
1-0

[Event "...Comedy Chess"]
[Site "SchemingMind.com"]
[Date "2009.08.02"]
[Round "-"]
[White "dadshane2000"]
[Black "aadaam"]
[Result "1-0"]
[WhiteCountry "USA"]
[BlackCountry "INT"]
[WhiteElo "1965"]
[WhiteRD "79"]
[BlackElo "1811"]
[BlackRD "54"]
[GameID "214509"]

1. e4 e6 2. d4 d5 3. Nc3 Bb4 4. e5 c5 5. a3 Bxc3+ 6. bxc3 Qc7 7. Nf3 b6 8. Bb5+ Bd7 9. Bd3 Nc6 10. a4 f5
11. h4 c4 12. Be2 Nge7 13. h5 O-O-O 14. Ba3 a6 15. Bd6 Qa7 16. Ng5 Rdf8 17. g4 h6 18. Nh3 Rd8 19. g5 Kb7 20. Qd2 Nc8
21. gxh6 gxh6 22. Rg1 Nxd6 23. exd6 Qb8 24. Qf4 Be8 25. Rg7+ Ka8 26. Rc7 Rd7 27. Rxc6
1-0

[Event "...Comedy Chess"]
[Site "SchemingMind.com"]
[Date "2009.08.02"]
[Round "-"]
[White "dadshane2000"]
[Black "robertoi72"]
[Result "1-0"]
[WhiteCountry "USA"]
[BlackCountry "ITA"]
[WhiteElo "1965"]
[WhiteRD "79"]
[BlackElo "1695"]
[BlackRD "139"]
[GameID "214510"]

1. e4 e6 2. d4 d5 3. Nc3 Nf6 4. e5 Nfd7 5. f4 c5 6. Nf3 Nc6 7. Be3 cxd4 8. Nxd4 Bc5 9. Qd2 O-O 10. O-O-O a6
11. Nb3 Bb4 12. Bd3 b5 13. g4 Bb7 14. Rhg1 Rc8 15. Rg3 Re8 16. Rh3 Nf8 17. Qf2 Na5 18. Nxa5 Bxa5 19. Bd4 Rc6 20. f5 Bb6
21. f6 g6 22. Qh4
1-0

[Event "...Comedy Chess"]
[Site "SchemingMind.com"]
[Date "2009.08.02"]
[Round "-"]
[White "bobbyg"]
[Black "dadshane2000"]
[Result "0-1"]
[WhiteCountry "USA"]
[BlackCountry "USA"]
[WhiteElo "1339"]
[WhiteRD "124"]
[BlackElo "1965"]
[BlackRD "79"]
[GameID "214512"]

1. d4 Nf6 2. Nc3 d5 3. Bg5 Nbd7 4. e3 e6 5. Qd2 Bb4 6. a3 Be7 7. O-O-O c5 8. Be2 a6 9. f3 Qa5 10. a4 c4
11. e4 h6 12. exd5 hxg5 13. Bxc4 Nxd5 14. Nge2 Nxc3 15. Nxc3 Nb6 16. Bb3 Bb4 17. Qxg5 Qxg5+ 18. Rd2 Nd5 19. Bxd5 exd5 20. Re1+ Be6
21. Kd1 Rxh2 22. Re5 Rh1+ 23. Ke2 Qxg2+
0-1

[Event "...Comedy Chess"]
[Site "SchemingMind.com"]
[Date "2009.08.02"]
[Round "-"]
[White "aadaam"]
[Black "dadshane2000"]
[Result "1-0"]
[WhiteCountry "INT"]
[BlackCountry "USA"]
[WhiteElo "1811"]
[WhiteRD "54"]
[BlackElo "1965"]
[BlackRD "79"]
[GameID "214513"]

1. d4 Nf6 2. c4 g6 3. Nc3 Bg7 4. e4 d6 5. f4 O-O 6. Nf3 c5 7. d5 e6 8. Be2 exd5 9. cxd5 Bg4 10. O-O Nbd7
11. h3 Bxf3 12. Bxf3 c4 13. Be3 a6 14. Rc1 Qa5 15. g4 Nc5 16. e5 dxe5 17. fxe5 Nfd7 18. e6 fxe6 19. dxe6 Ne5 20. Qd5 Nxf3+
21. Rxf3 Rxf3 22. e7+ Kh8 23. Qxf3 Qc7 24. Nd5 Qd6= 25. Rxc4 Ne6 26. b3 Qe5 27. Nc7 Nxc7 28. Qxb7 Qg3+ 29. Kf1 Qxh3+ 30. Ke2 Qxg4+
31. Rxg4
1-0

[Event "...Comedy Chess"]
[Site "SchemingMind.com"]
[Date "2009.08.03"]
[Round "-"]
[White "robertoi72"]
[Black "dadshane2000"]
[Result "1/2-1/2"]
[WhiteCountry "ITA"]
[BlackCountry "USA"]
[WhiteElo "1695"]
[WhiteRD "139"]
[BlackElo "1965"]
[BlackRD "79"]
[GameID "214514"]

1. d4 Nf6 2. c4 g6 3. Nc3 Bg7 4. g3 O-O 5. Bg2 d6 6. Nf3 Nbd7 7. O-O e5 8. e4 exd4 9. Nxd4 Re8 10. h3 a6
11. Be3 Rb8 12. b3 Qe7 13. Re1 Nc5 14. Bg5 h6 15. Nd5 Qd8 16. Nxf6+ Bxf6 17. Bxh6 Ne6 18. Be3 Ng5 19. Bxg5 Bxg5 20. f4 Bf6
21. Rc1 c5 22. Nf3 b5=
1/2-1/2

[Event "...Comedy Chess"]
[Site "SchemingMind.com"]
[Date "2009.08.07"]
[Round "-"]
[White "Kaamelott"]
[Black "dadshane2000"]
[Result "0-1"]
[WhiteCountry "CAN"]
[BlackCountry "USA"]
[WhiteElo "1153"]
[WhiteRD "150"]
[BlackElo "1965"]
[BlackRD "79"]
[GameID "214515"]

1. d4 Nf6 2. c4 g6 3. Nc3 d5 4. cxd5 Nxd5 5. e4 Nxc3 6. bxc3 e5 7. Nf3 exd4 8. cxd4 Bg4 9. Bb2 Bb4+ 10. Ke2 Nc6
0-1

[Event "...Comedy Chess"]
[Site "SchemingMind.com"]
[Date "2009.08.03"]
[Round "-"]
[White "Quanah4"]
[Black "dadshane2000"]
[Result "0-1"]
[WhiteCountry "USA"]
[BlackCountry "USA"]
[WhiteElo "1557"]
[WhiteRD "80"]
[BlackElo "1990"]
[BlackRD "79"]
[GameID "214605"]

1. Nf3 Nf6 2. g3 g6 3. d3 Bg7 4. e4 d6 5. Bg2 c5 6. O-O O-O 7. Nbd2 Nc6 8. Re1 Qc7 9. h3 Rb8 10. c4 Nb4
11. Nb3 b5 12. a3 Nc6 13. Nbd2 b4 14. a4 Nd7 15. Rb1 Nde5 16. b3 Nxd3 17. Re3 Nxc1 18. Qxc1 Nd4 19. Nxd4 Bxd4 20. Re1 Bb7
21. Nf3 Bg7 22. Nd2 f5 23. exf5 Bxg2 24. Kxg2 Rxf5 25. Ne4 Qc6 26. Kg1 Rd8 27. Qc2 Bd4
0-1

[Event "...Comedy Chess"]
[Site "SchemingMind.com"]
[Date "2009.08.04"]
[Round "-"]
[White "Quanah4"]
[Black "bobbyg"]
[Result "0-1"]
[WhiteCountry "USA"]
[BlackCountry "USA"]
[WhiteElo "1557"]
[WhiteRD "80"]
[BlackElo "1405"]
[BlackRD "124"]
[GameID "214606"]

1. Nf3 b6 2. g3 Bb7 3. Bg2 Nf6 4. d3 h6 5. e4 d6 6. O-O e5 7. Nbd2 Nc6 8. c3 d5 9. Re1 dxe4 10. dxe4 a5
11. Qc2 b5 12. b3 a4 13. b4 g5 14. h3 g4 15. hxg4 Nxg4 16. a3 Ne7 17. Bb2 f6 18. c4 bxc4 19. Nxc4 Nc6 20. Rad1 Qc8
21. Qc1 Nd4 22. Bh3 Nxf3+ 23. Kg2 Nxe1+ 24. Rxe1 h5 25. f3 Ba6 26. fxg4 hxg4 27. Bxg4 Qxg4 28. Rh1 Bh6 29. Rh4 Qe2+ 30. Kh1 Qf3+
31. Kh2 Bxc1 32. Bxc1 Qe2+ 33. Kh3 Rxh4+ 34. Kxh4 Bxc4 35. Bh6 Qxe4+ 36. g4 Qh1+ 37. Kg3 Qxh6 38. Kf3 Rd8 39. Kg2 Rd2+ 40. Kf3 Bd5+
0-1

[Event "...Comedy Chess"]
[Site "SchemingMind.com"]
[Date "2009.08.03"]
[Round "-"]
[White "Quanah4"]
[Black "aadaam"]
[Result "0-1"]
[WhiteCountry "USA"]
[BlackCountry "INT"]
[WhiteElo "1557"]
[WhiteRD "80"]
[BlackElo "1798"]
[BlackRD "61"]
[GameID "214607"]

1. Nf3 d5 2. d3 c5 3. g3 Nc6 4. Bg2 e5 5. e4 d4 6. O-O Be7 7. Nbd2 Bg5 8. b3 Bxd2 9. Qxd2 Nge7 10. h3 f6
11. Bb2 O-O 12. c4 Be6 13. Ba3 b6 14. b4 cxb4 15. Bxb4 Nxb4 16. Qxb4 Qd7 17. Rfc1 Nc6 18. Qd2 Bxh3 19. Nh2 Be6 20. Rf1 Rac8
21. f4 Qd6 22. f5 Bd7 23. Rab1 Kf7 24. Ng4 Be8 25. Bf3 Ke7 26. Bd1 Na5 27. Bc2 Rc7 28. Nf2 Qa3 29. Qb4+ Qxb4 30. Rxb4 Nc6
31. Rbb1 g6 32. a3 gxf5 33. exf5 Rg8 34. Kh2 Kf8 35. Rg1 Rcg7 36. Ne4 Ne7 37. Nxf6 Nxf5
0-1

[Event "...Comedy Chess"]
[Site "SchemingMind.com"]
[Date "2009.08.03"]
[Round "-"]
[White "Quanah4"]
[Black "robertoi72"]
[Result "0-1"]
[WhiteCountry "USA"]
[BlackCountry "ITA"]
[WhiteElo "1557"]
[WhiteRD "80"]
[BlackElo "1735"]
[BlackRD "113"]
[GameID "214608"]

1. Nf3 Nf6 2. g3 b6 3. d3 d5 4. Nbd2 Bb7 5. Bg2 e6 6. O-O c5 7. Re1 Be7 8. e4 Nc6 9. e5 Nd7 10. c3 Qc7
11. d4 cxd4 12. cxd4 Nb4 13. Re2 Rc8 14. Nb3 Ba6 15. Re3 Qc2 16. Re1 Nd3 17. Qxc2 Rxc2 18. Be3 Nxe1 19. Nxe1 Rc7 20. Bf1 Bxf1
21. Kxf1 O-O 22. Nd3 a5 23. Nd2 h6 24. h4 g5 25. h5 f6 26. g4 fxe5 27. dxe5 Nc5 28. Rc1 Rfc8 29. Nxc5 Bxc5 30. Re1 Bxe3
0-1

[Event "...Comedy Chess"]
[Site "SchemingMind.com"]
[Date "2009.08.03"]
[Round "-"]
[White "dadshane2000"]
[Black "Quanah4"]
[Result "1-0"]
[WhiteCountry "USA"]
[BlackCountry "USA"]
[WhiteElo "1965"]
[WhiteRD "79"]
[BlackElo "1617"]
[BlackRD "80"]
[GameID "214610"]

1. e4 c5 2. Nf3 g6 3. d4 cxd4 4. Nxd4 Bg7 5. c4 e6 6. Nb5 d6 7. Qxd6 Qxd6 8. Nxd6+ Kd7 9. Nxf7 Nf6 10. Nxh8 Nxe4
11. Nxg6 hxg6 12. Bd3 Nc5 13. Bxg6 Nc6 14. O-O Ne5 15. Rd1+ Ke7 16. Bg5+ Kf8 17. Rd8#
1-0

[Event "...Comedy Chess"]
[Site "SchemingMind.com"]
[Date "2009.08.04"]
[Round "-"]
[White "bobbyg"]
[Black "Quanah4"]
[Result "1/2-1/2"]
[WhiteCountry "USA"]
[BlackCountry "USA"]
[WhiteElo "1357"]
[WhiteRD "112"]
[BlackElo "1557"]
[BlackRD "78"]
[GameID "214611"]

1. d4 d5 2. c4 Nf6 3. cxd5 Nxd5 4. e4 Nf6 5. e5 Nd5 6. Nc3 c6 7. Bc4 e6 8. Nxd5 cxd5 9. Bd3 Nc6 10. Nf3 Be7
11. O-O O-O 12. a3 b6 13. b4 a6 14. b5 Na7 15. bxa6 b5 16. Rb1 Bxa6 17. a4 Rb8 18. axb5 Bxb5 19. Bxb5 Nxb5 20. Qd3 Nc7
21. Rxb8 Qxb8 22. Ba3 Bxa3 23. Qxa3 Qb7 24. Ng5 Nb5 25. Qh3 h6 26. Nf3 Qa7 27. Nd2 Nxd4 28. Qe3 Ra8 29. f4 Nf5 30. Qxa7 Rxa7
31. g3 f6 32. Rf3 Nd4 33. Rf2 Nc6 34. Nb3 fxe5 35. Nc5 Re7 36. Kg2 e4 37. Ra2 Kf7 38. h4 Rc7 39. Kf2 Ne7 40. Na6 Ra7
41. h5 Nc6 42. Ra4 Nb8 43. Nc5 Rxa4 44. Nxa4 Nc6 45. Ke3 Kf6 46. g4 e5 47. Nc5 exf4+ 48. Kxf4 Nb8 49. Nb3 Nd7 50. Nd4 Ne5
51. Nc2 g6 52. Ne3 d4 53. Kxe4 gxh5 54. Nd5+ Ke6 55. Nf4+ Kd6 56. gxh5 Ng4 57. Kxd4 Nf6 58. Nd3 Nxh5 59. Ne5 Ke6 60. Nc6 Ng3
61. Ke3 Kf5 62. Nd4+ Kg4 63. Kf2 Nf5 64. Nf3 h5 65. Nh2+ Kh3 66. Nf3 Ng3 67. Ng5+ Kh2 68. Nf3+ Kh3 69. Ng5+ Kg4 70. Nf3 Ne4+
71. Ke3 Ng3 72. Kf2 Ne4+ 73. Ke3 Ng3 74. Kf2 Nf5 75. Nh2+ Kh3 76. Nf3 Nh4 77. Ng5+ Kg4 78. Ne4 Nf5 79. Nf6+ Kg5 80. Nxh5 Kxh5
1/2-1/2

[Event "...Comedy Chess"]
[Site "SchemingMind.com"]
[Date "2009.08.03"]
[Round "-"]
[White "aadaam"]
[Black "Quanah4"]
[Result "1-0"]
[WhiteCountry "INT"]
[BlackCountry "USA"]
[WhiteElo "1811"]
[WhiteRD "54"]
[BlackElo "1617"]
[BlackRD "80"]
[GameID "214612"]

1. d4 d5 2. c4 e6 3. Nc3 c5 4. cxd5 exd5 5. Nf3 Nf6 6. dxc5 Bxc5 7. e3 O-O 8. Be2 a6 9. a3 Nc6 10. b4 Be7
11. Bb2 b5 12. O-O Be6 13. Nd4 Rc8 14. Nxe6 fxe6 15. Qb3 Kh8 16. Rad1 a5 17. bxa5 Nxa5 18. Qa2 Nc4 19. Nxb5 Nxb2 20. Qxb2 Rb8
21. a4 Qd7 22. Qd4 Ne4 23. Bd3 Bf6 24. Qb4 Nc3 25. Rd2 Nxb5 26. axb5 Rfc8 27. Rfd1 e5 28. Be2 Be7 29. Qb2 Rc5 30. Qxe5 Rbxb5
31. Bxb5 Rxb5 32. Rxd5
1-0

[Event "...Comedy Chess"]
[Site "SchemingMind.com"]
[Date "2009.08.03"]
[Round "-"]
[White "robertoi72"]
[Black "Quanah4"]
[Result "1-0"]
[WhiteCountry "ITA"]
[BlackCountry "USA"]
[WhiteElo "1735"]
[WhiteRD "113"]
[BlackElo "1557"]
[BlackRD "80"]
[GameID "214613"]

1. d4 d5 2. c4 Nf6 3. Nf3 e6 4. Nc3 h6 5. Bf4 c5 6. e3 cxd4 7. exd4 Bd6 8. Qd2 Bxf4 9. Qxf4 Nc6 10. Nb5 O-O
11. c5 Bd7 12. a3 a6 13. Nd6 Qc7 14. Ne5 Nxe5 15. dxe5 Ne4 16. Rc1 Nxd6 17. cxd6 Qa5+ 18. Qd2 Qxd2+ 19. Kxd2 Rac8 20. Bd3 b5
21. f4 f5 22. Rc7 Rcd8 23. Rhc1 Rc8 24. Rxd7 Rxc1 25. Kxc1 Rc8+ 26. Rc7 Rd8 27. Re7 Rc8+ 28. Kd2 Kf8 29. Rxe6 Rc6 30. Bxf5 a5
31. g4 a4 32. d7
1-0